00638nam a2200241 a 4500001001300000003000900013005001700022008004100039020001000080082001600090100001500106245001900121260003700140300000800177500003500185505001100220650002300231700001500254902000800269942000700277952009700284999001500381nice12345678IN_TiNIC20260116012333.0050524s1912 beia grp 000 0 ara  ac10000a232.96bAYS aAysa, Abid aSalib Al-Masih aBeirutbAmeer Kaniya Pressc1912 a75p aincludes index and biblioraphy2 aIndedx aJesus Christ-Death1 aAysa, Abid bSRS cBK 00104070aHMIbHMId2007-06-19g100.00l0o232.96 AYSp10799r2007-06-19w2026-01-16yARB c6620d6620